Načítá se...

Marketing research

Podrobná bibliografie
Hlavní autor: Luck, David J
Další autoři: Rubin, Ronald S
Médium: Printed Book
Jazyk:Undetermined
Vydáno: New Delhi Prentice Hall of India 1987
Vydání:7th ed.
LEADER 00586nam a2200169Ia 4500
008 161229s9999 xx 000 0 und d
020 |a 8120304845 
082 |a 658.83 LUC/MA 
100 |a Luck, David J 
245 |a Marketing research 
250 |a 7th ed. 
260 |b Prentice Hall of India  |a New Delhi  |c 1987 
300 |a xvi, 682 
700 |a Rubin, Ronald S 
942 |c BK 
999 |c 154294  |d 154294 
952 |0 0  |1 0  |4 0  |6 658_830000000000000_LUCMA  |7 0  |9 153369  |a KAUCLV  |b KAUCLV  |d 2016-12-29  |g 150.00  |o 658.83 LUC/MA  |p 905603  |r 2016-12-29  |w 2016-12-29  |y BK  |z Book transferred from CCBM Library ,Acc.No:5431